Countries where the Largest City is not the Capital - Statistics

General Stats
  • This quiz has been taken 56 times
  • The average score is 20 of 36
Answer Stats
Answer % Correct
Brazil
100%
Australia
98%
Canada
96%
United States of America
96%
South Africa
90%
Turkey
88%
China
86%
New Zealand
86%
India
82%
Morocco
78%
Nigeria
76%
Pakistan
76%
Vietnam
76%
United Arab Emirates
69%
Switzerland
67%
Tanzania
63%
Kazakhstan
55%
Bolivia
51%
Myanmar
51%
Sri Lanka
51%
Côte d'Ivoire
49%
Belize
47%
Liechtenstein
43%
Malta
41%
Philippines
39%
Benin
37%
Burundi
37%
Belgium
33%
Cameroon
33%
San Marino
27%
Taiwan
25%
Trinidad and Tobago
20%
Gambia
18%
Palau
18%
Equatorial Guinea
16%
Federated States of Micronesia
14%
No matching quizzes found
Score Distribution
Percent of People with Each Score
Percentile by Number Answered
Your Score History
You have not taken this quiz